000 00360 a2200169 4500
001 191515
020 _a978-85-7319-549-1
040 _cMagnum
100 _aWerneck, Leny
240 1 0 _aMamãe perde e acha
_lpor
245 1 0 _aMamãe perde e acha
300 _a32
362 0 _a2007
440 1 _aDimensão
697 _aLITERATURA INFANTO
942 _cBK
999 _c191515
_d191515